000 00499cam a2200193ua 4500
001 2210
008 110805n ii |||gr||||Z||||||eng
040 _cMAIN
082 _a371.3
100 _aBhatia, B D.,
245 _aPrinciples and methods of teaching.
_cBy B D Bhatia.
250 _a1st.
260 _aNew Delhi:
_bDoaba house.,
_c2001.
300 _avi, 564 p.:
_c23 cm.
653 _aeducation.
653 _aPrinciples and methods of teaching.
700 _aBhatia, Kamala.,
942 _cBK
999 _c2078
_d2078